| 000 | 00556nam a2200193Ia 4500 | ||
|---|---|---|---|
| 003 | IN-BaIIA | ||
| 008 | 211028s9999 xx 000 0 eng d | ||
| 020 | _a0-226-10953-4 | ||
| 040 | _cIIA Library | ||
| 080 |
_a524.3-54 _bCLA |
||
| 100 |
_aClayton, D. D _912472 |
||
| 245 | 0 |
_aPrinciples of stellar evolution and nucleosynthesis _cD. D. Clayton |
|
| 260 |
_aChicago _bUniversity of Chicago Press _c1983 |
||
| 300 | _axxii, 612p. | ||
| 650 |
_aNuleosynthesis _926238 |
||
| 650 |
_aStars - evolution _910853 |
||
| 650 | _aStellar structure | ||
| 942 | _cBK | ||
| 999 |
_c14882 _d14882 |
||